Euroregion Beskidy Euroregion Beskydy
| Corporate Author: | SHOCart (firma) |
|---|---|
| Language: | Polish Czech English |
| Published: |
[Frýdek-Místek] : Region Beskydy, 2012 |
| Physical Description: |
1 mapa : barev. ; 41 x 58 cm, složeno na 21 x 10 cm |
| Language note: |
Místní jména česky a polsky, česky, polský a anglický text |
| LEADER | 01896nem a2200505 a 4500 | ||
|---|---|---|---|
| 001 | nkc20152694517 | ||
| 003 | CZ PrNK | ||
| 005 | 20150724123356.0 | ||
| 007 | aj canzn | ||
| 008 | 150428s2012 xr z a 0 cze | ||
| 015 | |a cnb002694517 | ||
| 020 | |a 978-80-260-8076-3 |q (v mapě neuvedeno) | ||
| 034 | 0 | |a a | |
| 040 | |a ABA001 |b cze | ||
| 041 | 0 | |a cze |a pol |a eng | |
| 043 | |a e-pl--- |a e-xr--- |b e-xr-mr |2 czenas | ||
| 072 | 7 | |a 913(4) |x Geografie Evropy, reálie, cestování |2 Konspekt |9 7 | |
| 072 | 7 | |a 912 |x Mapy. Atlasy. Glóby |2 Konspekt |9 7 | |
| 080 | |a 913:338.483.1 |2 MRF | ||
| 080 | |a 913(4-192.2) |2 MRF | ||
| 080 | |a 913(437.32-18) |2 MRF | ||
| 080 | |a 913(438) |2 MRF | ||
| 080 | |a (084.3) |2 MRF | ||
| 245 | 0 | 0 | |a Euroregion Beskidy |h [kartografický dokument] = |b Euroregion Beskydy |
| 246 | 3 | 1 | |a Euroregion Beskydy |
| 255 | |a Měřítko neuvedeno | ||
| 260 | |a [Frýdek-Místek] : |b Region Beskydy, |c 2012 | ||
| 300 | |a 1 mapa : |b barev. ; |c 41 x 58 cm, složeno na 21 x 10 cm | ||
| 500 | |a Na rubu stručný vlastivědný text s barev. fot. | ||
| 500 | |a Mapový podklad SHOCart | ||
| 546 | |a Místní jména česky a polsky, česky, polský a anglický text | ||
| 610 | 2 | 7 | |a Euroregion Beskydy (sdružení) |7 ko2006341918 |2 czenas |
| 650 | 0 | 7 | |a turistické zajímavosti |7 ph126800 |z Česko |2 czenas |
| 650 | 0 | 7 | |a turistické zajímavosti |7 ph126800 |z Polsko |2 czenas |
| 650 | 0 | 7 | |a euroregiony |7 ph120034 |z Česko |2 czenas |
| 650 | 0 | 7 | |a euroregiony |7 ph120034 |z Polsko |2 czenas |
| 651 | 7 | |a Pobeskydí (Česko) |7 ge128396 |2 czenas | |
| 651 | 7 | |a Bielsko-Biała (Polsko : oblast) |7 ge116554 |2 czenas | |
| 655 | 7 | |a mapy |7 fd132800 |2 czenas | |
| 710 | 2 | |a SHOCart (firma) |7 ko2001100207 | |
| 910 | 2 | |a BOA001 |b Mp2-1350.139 | |
| 990 | |a MP | ||
| 995 | |a 01 | ||
| 991 | |b 201507 |c NOV |e n | ||
| 996 | 6 | |b 2610637992 |c Mp2-1350.139 |l MZK |r Sklad / do 1 hodiny |n 0 |p p.v. |w 001512770 |u 000010 |a 1 |e BOA001 |j MZK50 |s P | |
English
Čeština 